000 01501nam0a2200361 4500
001 RU\NLR\BIBL_A\011670552
005 20180418164611.0
010 _a978-5-91759-696-9
_93000
021 _aRU
_bКН-П-18-015553
_9КН-П-18-1121
035 _a(NLR Aleph) 011670552
035 _a(RuMoRGB)009559202
090 _a11233840
_c11233840
100 _a20180404d2018 u y0rusy50 ca
101 1 _arus
_cspa
102 _aRU
105 _aa|||z|||000zy
200 1 _aЗнакомьтесь, диктатура
_e[для дошкольного, младшего и среднего школьного возраста]
_fидея и текст группа "Плантель"
_gиллюстратор Микель Кассаль
_g[перевод с испанского Надежды Беленькой]
210 _aМосква
_cСамокат
_d2018
215 _a[50] с.
_cцв. ил., портр.
_d22
225 1 _aКниги завтрашнего дня
_v№ 2
333 _a6+
606 1 _aДиктатура
_jИздания для детей
_9887894
_3RU\NLR\AUTH\66320641
686 _aШ9:С555.511(2)
_2rubbk
686 0 _aШ9
_bФ
702 1 _aКасаль
_bМ.
_gМикель
_4440
712 0 2 _4570
_a"Плантель", группа
_cИспания
_9597735
_3RU\NLR\AUTH\880467875
942 _cBOOK
980 _aNBR
980 _aNB